Personnages de Drôles de petites bêtes par images - Statistiques

Statistiques générales
  • Ce quiz a été pris 203 fois
  • Le résultat moyen est 9 sur 19
Statistiques - réponses
Par images Réponse % Correct
{Mireille} l'abeille
86%
{Léon} le bourdon
82%
{Camille} la chenille
77%
{Barnabé} le scarabée
72%
{Loulou} le pou
58%
{Patouch} la mouche
55%
{Belle} la coccinelle
50%
{Marie} la fourmi
47%
{Siméon} le papillon
47%
{Chloé} l'araignée
45%
{Carole} la luciole
41%
{Huguette} la guêpe
36%
{Frédéric} le moustique
32%
{Adèle} la sauterelle
31%
{Hugo} l'asticot
31%
{Benjamin} le lutin
28%
{Grâce} la limace
27%
{Oscar} le cafard
19%
{Odilon} le grillon
10%
Aucun quiz correspondant
Distribution des résultats
% des personnes avec chaque résultat
Percentile par nombre de réponses
Votre historique - résultats
Vous n’avez pas pris ce quiz